Sports Quiz

Random Sports or Basketball Quiz
Score 0/100 Timer 18:00
0 Plays Today
% Correct
Tracy McGrady
84.7%
Larry Bird
83.5%
Jason Kidd
83.5%
Andrei Kirilenko
83.5%
Ben Wallace
83.5%
Michael Jordan
82.4%
Earvin Johnson
82.4%
Allen Iverson
81.2%
Steve Nash
81.2%
Predrag Stojakovic
81.2%
Hakeem Olajuwon
80%
Kobe Bryant
80%
Wilt Chamberlain
80%
Stephon Marbury
80%
Gary Payton
80%
Kenny Smith
80%
Karl Malone
78.8%
Pete Maravich
78.8%
John Stockton
78.8%
Clyde Drexler
78.8%
Tyrone Bogues
78.8%
Julius Erving
78.8%
Anfernee Hardaway
78.8%
George Gervin
78.8%
Nate Robinson
78.8%
Jerry West
77.6%
Oscar Robertson
77.6%
Nate Archibald
77.6%
Robert Horry
77.6%
Zach Randolph
77.6%
Latrell Sprewell
77.6%
Dennis Rodman
76.5%
Kareem Abdul-Jabbar
76.5%
Glenn Rivers
76.5%
% Correct
Jason Terry
76.5%
David Robinson
75.3%
Jason Williams
75.3%
Charles Barkley
75.3%
Dwyane Wade
75.3%
Tim Duncan
75.3%
Dan Majerle
75.3%
Earl Monroe
75.3%
Rasheed Wallace
75.3%
Kirk Hinrich
75.3%
Charles Oakley
75.3%
Zydrunas Ilgauskas
74.1%
Xavier McDaniel
74.1%
James Worthy
74.1%
Kevin Garnett
72.9%
Elvin Hayes
72.9%
Jerry Stackhouse
72.9%
Norm Nixon
72.9%
Tayshaun Prince
72.9%
Gilbert Arenas
71.8%
Richard Hamilton
71.8%
Alonzo Mourning
71.8%
Paul Pierce
70.6%
Lafayette Lever
70.6%
Artis Gilmore
69.4%
Glen Davis
69.4%
Ray Allen
68.2%
Toni Kukoc
68.2%
Tony Parker
67.1%
Maurice Cheeks
67.1%
Vernon Maxwell
67.1%
Shawn Marion
64.7%
Reggie Miller
64.7%
Larry Johnson
64.7%
% Correct
Darryl Dawkins
62.4%
Steve Francis
62.4%
Isiah Thomas
61.2%
Baron Davis
61.2%
John Havlicek
61.2%
Joe Bryant
60%
Bryant Reeves
60%
Dikembe Mutombo
58.8%
Oliver Miller
57.6%
Daron Blaylock
56.5%
Scottie Pippen
54.1%
Bill Russell
54.1%
Shawn Kemp
54.1%
Robert Parish
52.9%
Joe Dumars
52.9%
Tim Hardaway
48.2%
David Thompson
48.2%
John Williams
45.9%
Walt Frazier
44.7%
Sam Cassell
43.5%
Vinnie Johnson
40%
Calvin Murphy
35.3%
Bob Cousy
35.3%
Billy Cunningham
32.9%
Shaquille O'Neal
31.8%
Bobby Smith
30.6%
Gerald Wallace
29.4%
Bob Love
24.7%
Patrick Ewing
23.5%
Jerry Lucas
21.2%
Willis Reed
20%
Mitch Richmond
14.1%
Remove Ads.
Support Sporcle.
Get the best of Sporcle when you Go Orange. This ad-free experience offers more features, more stats, and more fun while also helping to support Sporcle. Thank you for becoming a member.

You're not logged in!

Compare scores with friends on all Sporcle quizzes.
OR
Log In

Sporcle TV

Today on Sporcle TV


Watch our educational content, quiz creation guides, and fun videos on Sporcle TV.

Show Comments

Extras

Top Quizzes Today


Score Distribution

Paid Content

Your Account Isn't Verified!

In order to create a playlist on Sporcle, you need to verify the email address you used during registration. Go to your Sporcle Settings to finish the process.

Report this User

Report this user for behavior that violates our Community Guidelines.

Details: